Analogies - Harry Potter - Statistiques

Statistiques générales
  • Ce quiz a été pris 119 fois
    118 depuis la dernière actualisation
  • Le résultat moyen est 14 sur 20
Statistiques - réponses
% Correct
Le scarabée est à Rita Skeeter ce que le chat est à Minerva McGonagall
94%
Hedwige est à Harry Potter ce que Pattenrond est à Hermione Granger
93%
La loutre est à Hermione Granger ce que le cerf est à James Potter
92%
la pierre de résurrection est au second frère ce que la cape d'invisibilité est au troisème
88%
Dobby est aux Malefoy ce que Kreattur est aux Black
85%
Le reflet du Basilic dans le miroir est à Hermione Granger ce que son appareil photo est à Colin Crivey
80%
Le diadème est à Rowena Serdaigle ce que la coupe est à Helga Poufsouffle
78%
Olympe Maxime est à BeauxBâtons ce que Igor Karkaroff est à Durmstrang
77%
Le 12 square grimmaud est à l'Ordre de phénix ce que la salle sur demande est à l'Armée de Dumbledore
77%
Le crin de licorne est à Ron Weasley ce que la plume de phénix est à Harry Potter
68%
Pomona Chourave est à Pouffsoufle ce que Filius Flitwick est à Serdaigle
64%
L'araignée est à Ron Weasley ce que Severus Rogue est à Neuville londubat
64%
Patmol est à Sirius Black ce que Cornedrue est à James Potter
61%
La gazette du sorcier est à Barnabas Cuffe ce que le chicaneur est à Xenophilius Lovegood
57%
Le Département des mystères est à Lucius Malefoy ce que le service des détournements de l'artisanat moldu est à Arthur Weasley
57%
La branchiflore est à Harry Potter ce que le sortilège de métamorphose en requin est à Victor Krum
54%
Le Chaudron baveur est au chemin de traverse ce que Les trois balais est à Pré-au-lard
54%
Le transplanage est aux sorciers déjà diplômés ce que le portoloin / la poudre de cheminette est aux étudiants de Poudlard
46%
Alastor Maugrey est à Barty Croupton Jr. ce que Vincent Crabbe est à Ron Weasley
38%
L'échiquier géant est à Minerva McGonnagal ce que l'épreuve des clés volantes est à Filius Flitwick
29%
Aucun quiz correspondant
Distribution des résultats
% des personnes avec chaque résultat
Percentile par nombre de réponses
Votre historique - résultats
Vous n’avez pas pris ce quiz depuis la dernière actualisation